<?xml version="1.0" encoding="UTF-8"?>
<record
    xmlns:xsi="http://www.w3.org/2001/XMLSchema-instance"
    xsi:schemaLocation="http://www.loc.gov/MARC21/slim http://www.loc.gov/standards/marcxml/schema/MARC21slim.xsd"
    xmlns="http://www.loc.gov/MARC21/slim">

  <leader>03130nam a2200361 a 4500</leader>
  <controlfield tag="003">OSt</controlfield>
  <controlfield tag="005">20250617133114.0</controlfield>
  <controlfield tag="007">cr ||||||a|a|a</controlfield>
  <controlfield tag="008">250616s2025    mx a|||fom||| 001 0 spa d</controlfield>
  <datafield tag="040" ind1=" " ind2=" ">
    <subfield code="e">rda</subfield>
  </datafield>
  <datafield tag="100" ind1="1" ind2=" ">
    <subfield code="a">Flores Avalos, Jos&#xE9; Ismael</subfield>
    <subfield code="9">190471</subfield>
  </datafield>
  <datafield tag="245" ind1="1" ind2="0">
    <subfield code="a">Niveles crecientes del fitog&#xE9;nico BioCholine en el comportamiento productivo de corderos en finalizaci&#xF3;n  /</subfield>
    <subfield code="c">por Jos&#xE9; Ismael Flores Avavlos y Hazel Margarita Reyes Conde; director de tesis Jos&#xE9; Felipe Orzuna Orzuna; secretario Alejandro Lara Bueno; vocal Rodolfo Ram&#xED;rez Valverde; suplente Juan Eduardo Godina Rodr&#xED;guez; suplente Agust&#xED;n Ru&#xED;z Flores.</subfield>
  </datafield>
  <datafield tag="264" ind1=" " ind2="1">
    <subfield code="a">Chapingo, M&#xE9;xico :</subfield>
    <subfield code="b">El autor,</subfield>
    <subfield code="c">2024.</subfield>
  </datafield>
  <datafield tag="300" ind1=" " ind2=" ">
    <subfield code="a">1 recurso en l&#xED;nea (52 p&#xE1;ginas):</subfield>
    <subfield code="b">cuadros, figuras.</subfield>
  </datafield>
  <datafield tag="336" ind1=" " ind2=" ">
    <subfield code="2">rdacontent</subfield>
    <subfield code="a">texto</subfield>
    <subfield code="b">txt</subfield>
  </datafield>
  <datafield tag="337" ind1=" " ind2=" ">
    <subfield code="2">rdamedia</subfield>
    <subfield code="a">computadora</subfield>
    <subfield code="b">c</subfield>
  </datafield>
  <datafield tag="338" ind1=" " ind2=" ">
    <subfield code="2">rdacarrier</subfield>
    <subfield code="a">recurso en l&#xED;nea</subfield>
    <subfield code="b">cr</subfield>
  </datafield>
  <datafield tag="502" ind1=" " ind2=" ">
    <subfield code="b">IAEZ</subfield>
    <subfield code="c">Zootecn&#xED;a</subfield>
    <subfield code="d">2024.</subfield>
    <subfield code="g">LIC</subfield>
  </datafield>
  <datafield tag="504" ind1=" " ind2=" ">
    <subfield code="a">Incluye referencias bibliogr&#xE1;ficas: p&#xE1;ginas 45-52.</subfield>
  </datafield>
  <datafield tag="520" ind1=" " ind2=" ">
    <subfield code="a">El objetivo del presente estudio fue evaluar el efecto de la suplementaci&#xF3;n diet&#xE9;tica con el aditivo fitog&#xE9;nico BioCholine&#xAE; en el comportamiento productivo de corderos en finalizaci&#xF3;n. Treinta y seis corderos Pelibuey machos (23.61 &#xB1; 0.57 kg de peso vivo) fueron utilizados para evaluar: peso corporal final (PCF), consumo de materia seca (CMS), variaci&#xF3;n del consumo diario de materia seca (VCMS) ganancia diaria de peso (GDP) y conversi&#xF3;n alimenticia (CA). Los tratamientos experimentales consistieron en: dieta basal sin BioCholine&#xAE; (N0B) y dieta basal m&#xE1;s 2.5 (N1B), 5.0 (N2B) y 7.5 g (N3B) de BioCholine&#xAE; kg-1 de MS. El periodo experimental fue de 56 d&#xED;as dividido en cuatro periodos secuenciados de 14 d&#xED;as. Los datos fueron analizados mediante el procedimiento PROC MIXED de SAS. El PCF y la VCMS no fueron afectados (p &gt; 0.05) por los tratamientos. El CMS y la GDP incrementaron (p &#x2264; 0.05) en los corderos del tratamiento N3B en comparaci&#xF3;n con los otros tratamientos. La CA de los corderos de los tratamientos N2B y N3B fue menor (p &#x2264; 0.05) que en los corderos del tratamiento N0B. En conclusi&#xF3;n, la inclusi&#xF3;n de dosis altas (7.5 kg-1 MS) de BioCholine&#xAE; puede ser utilizada como estrategia nutricional para mejorar consumo de alimento, tasa de crecimiento y eficiencia alimenticia en corderos alimentados con dietas altas en granos.</subfield>
  </datafield>
  <datafield tag="650" ind1=" " ind2="4">
    <subfield code="a">Ganado lanar</subfield>
    <subfield code="x">Engorda</subfield>
    <subfield code="9">45175</subfield>
  </datafield>
  <datafield tag="650" ind1=" " ind2="4">
    <subfield code="a">Ganado lanar</subfield>
    <subfield code="x">Nutrici&#xF3;n</subfield>
    <subfield code="9">45205</subfield>
  </datafield>
  <datafield tag="650" ind1=" " ind2="4">
    <subfield code="a">Ganado lanar</subfield>
    <subfield code="x">Peso</subfield>
    <subfield code="9">45211</subfield>
  </datafield>
  <datafield tag="650" ind1=" " ind2="4">
    <subfield code="a">Nutrici&#xF3;n animal </subfield>
    <subfield code="x"> Aditivos</subfield>
    <subfield code="9">145756</subfield>
  </datafield>
  <datafield tag="700" ind1="1" ind2=" ">
    <subfield code="a">Reyes Conde, Hazel Margarita</subfield>
    <subfield code="9">190472</subfield>
  </datafield>
  <datafield tag="700" ind1="1" ind2=" ">
    <subfield code="a">Orzuna Orzuna, Jos&#xE9; Felipe</subfield>
    <subfield code="e">director de tesis</subfield>
    <subfield code="9">137135</subfield>
  </datafield>
  <datafield tag="700" ind1="0" ind2=" ">
    <subfield code="a">Lara Bueno, Alejandro</subfield>
    <subfield code="9">64829</subfield>
    <subfield code="e">secretario.</subfield>
  </datafield>
  <datafield tag="700" ind1="0" ind2=" ">
    <subfield code="a">Ram&#xED;rez Valverde, Rodolfo</subfield>
    <subfield code="9">94316</subfield>
    <subfield code="e">vocal.</subfield>
  </datafield>
  <datafield tag="700" ind1="1" ind2=" ">
    <subfield code="a">Godina Ror&#xED;guez, Juan Eduardo</subfield>
    <subfield code="9">190654</subfield>
    <subfield code="e">suplente.</subfield>
  </datafield>
  <datafield tag="700" ind1="0" ind2=" ">
    <subfield code="a">Ruiz Flores, Agust&#xED;n</subfield>
    <subfield code="e">suplente</subfield>
    <subfield code="9">100671</subfield>
  </datafield>
  <datafield tag="856" ind1=" " ind2=" ">
    <subfield code="u">http://10.13.5.2/tesis/tl/1610741-1_Y_1612041-1_FLORES_AVALOS_JOSEISMAEL_Y_REYES_CONDE_HAZELMARGARITA.pdf</subfield>
    <subfield code="z">DESCARGAR PDF</subfield>
  </datafield>
  <datafield tag="942" ind1=" " ind2=" ">
    <subfield code="2">Clasificaci&#xF3;n Universidad Aut&#xF3;noma Chapingo</subfield>
    <subfield code="c">TD</subfield>
  </datafield>
  <datafield tag="999" ind1=" " ind2=" ">
    <subfield code="c">220614</subfield>
    <subfield code="d">220614</subfield>
  </datafield>
  <datafield tag="952" ind1=" " ind2=" ">
    <subfield code="0">0</subfield>
    <subfield code="1">0</subfield>
    <subfield code="2">local</subfield>
    <subfield code="4">0</subfield>
    <subfield code="5">1</subfield>
    <subfield code="7">0</subfield>
    <subfield code="8">TesDigL</subfield>
    <subfield code="a">BD</subfield>
    <subfield code="b">BD</subfield>
    <subfield code="c">E_L</subfield>
    <subfield code="d">2025-06-16</subfield>
    <subfield code="l">0</subfield>
    <subfield code="o">Tesis digital</subfield>
    <subfield code="r">2025-06-16 09:57:39</subfield>
    <subfield code="w">2025-06-16</subfield>
    <subfield code="y">TD</subfield>
  </datafield>
</record>
